| 000 | 00964cab a2200253 4500 | ||
|---|---|---|---|
| 001 | WB3324-31 | ||
| 008 | 090401t1997 xxu||||| |||| 00| 0 eng d | ||
| 035 | _a(Sirsi) u79043 | ||
| 041 | _aeng | ||
| 245 | _aEstate agents | ||
| 260 | _c1997 | ||
| 350 | _a0 | ||
| 490 |
_aEstates Gazette Case Summaries _v[1997] EGCS 86 (14/6/97) |
||
| 520 | _a"AJ Tatler & Partners v Pioneer Mutual Insurance Co Ltd" CA 3 June 1997. Estate agents had agreement with insurance company. Breach of agreement. Estate agents claim for damages for loss of house sale commission rejected. Judge only awarded for lost insurance policy sales. Whether judge made correct calculation. Appeal dismissed. | ||
| 650 | _aBREACH OF AGREEMENT | ||
| 650 | _aCALCULATION | ||
| 650 | _aCOMMISSION | ||
| 650 | _aDAMAGES | ||
| 650 | _aESTATE AGENTS | ||
| 650 | _aINSURANCE COMPANY | ||
| 690 | _aMANAGEMENT-BUSINESS MANAGEMENT-PROFESSIONAL PRACTICE | ||
| 942 | _n0 | ||
| 948 | _c19/06/1997 | ||
| 999 |
_c49660 _d49660 |
||